000 00885nam a2200253Ia 4500
003 OSt
005 20220930091027.0
006 a|||||r|||| 00| 0
007 ta
008 220926b |||||||| |||| 00| 0 eng d
024 _a3380
037 _cTheses
040 _aCRL
_cCRL
_beng
041 _2eng
_aeng
100 _aManok Kumar
_9544512
110 _aUniversity of Delhi. Faculty of Medical Science. Department of Oral and Maxillofacial Surgery
_9544513
245 0 _aComparative evaluation of bilateral sagittal split ramus osteotomy and body osteotomy for mandibular corpus distraction
260 _c2012
650 _aSURGERY
700 _a Thapliyal G K Gu.
_9544514
700 _aUniversity of Delhi. Faculty of Medical Science. Department of Oral and Maxillofacial Surgery
_9544515
942 _cDIS
_2CC
999 _c881525
_d881525